Normale Ansicht MARC-Ansicht ISBD

Der lange Weg zur Karl-Marx-Straße. (Titelsatznr. 372483)

[ MARC ]
MARC-Details
000 -Satzkennung
Kontrollfeld mit fester Länge 00757nab a2200181 4500
001 - Kontrollnummer
Kontrollfeld 244442
003 - Kontrollnummer Identifier
Kontrollfeld OSt
005 - Datum und Zeit der letzten Transaktion
Kontrollfeld 20230531115959.0
007 - Feld mit fester Länge zur physischen Beschreibung - Allgemeine Information
Kontrollfeld mit fester Länge tu
008 - Feld mit fester Länge zur physischen Beschreibung - Allgemeine Angaben
Kontrollfeld mit fester Länge 200917s2020|||||||
040 ## - Katalogisierungsquelle
Original-Katalogisierungsstelle DE-2950
Übertragungsstelle DE-2950
245 00 - Titel
Titel Der lange Weg zur Karl-Marx-Straße.
Zusatz zum Titel Stadtgeschichte. Josef Stalin, Lenin, Karl Marx - Kurz nach der Gründung der DDR sollten viele Straßen und Plätze nach Kommunisten und Sozialisten umbenannt werden. Dazu kam es jedoch nicht in allen Fällen. Teil 3 einer kurzen Geschichte der Straßennamen in Frankfurt /
Verfasserangabe etc. Ralf-Rüdiger Targiel
264 ## - Produktion, Veröffentlichung, Distribution, Herstellung und Urheberrechtsvermerk
Datum der Herstellung, der Veröffentlichung, des Vertriebs oder des Urheberschutzvermerks 2023
653 ## - Indexierungsterm - Nicht normiert
Nicht-normierter Term Frankfurt (Oder)
653 ## - Indexierungsterm - Nicht normiert
Nicht-normierter Term Straßennamen
773 0# - Übergeordnete Einheit
Verknüpfungsangaben 34. Jahrgang (2023) Nr. 118 vom 23.05.2023, S. 16: mit Foto
Titel Märkische Oderzeitung
942 ## - Zusätzliche Felder (Koha)
Klassifikation oder Aufstellungssystematik Andere/Generische Klassifikation
Koha-Medientyp Aufsätze
Exemplare
Ausgeschieden Verloren Klassifikation oder Aufstellungssystematik Beschädigt Nicht entleihbar Heimatbibliothek Aufenthaltsbibliothek Aufstellungsort Erwerbungsdatum Anzahl Ausleihen Signatur Letzte Aktivität Preis gültig von Koha-Medientyp
    Andere/Generische Klassifikation     Stadtarchiv Frankfurt (Oder) | Archivbibliothek Stadtarchiv Frankfurt (Oder) | Archivbibliothek Magazin 31/05/2023   Z2 31/05/2023 31/05/2023 Aufsätze